Oxford Dictionary of Current Idiomatic English
Enregistré dans:
| Auteur principal: | |
|---|---|
| Format: | Inconnue |
| Langue: | English |
| Publié: |
1983
|
| Sujets: | |
| Tags: |
Ajouter un tag
Pas de tags, Soyez le premier à ajouter un tag!
|
| Thư viện lưu trữ: | Mạng thư viện Đại học Đà Nẵng |
|---|
| LEADER | 00982ca a2200301 4500 | ||
|---|---|---|---|
| 001 | 000032240 | ||
| 003 | 8319 | ||
| 005 | 20151022000000.0 | ||
| 008 | 151002s1983 000 eng | ||
| 020 | |a 0194311503 | ||
| 041 | |a eng | ||
| 082 | |a 423 |b CO-A | ||
| 100 | |a A.P.Cowie | ||
| 245 | |a Oxford Dictionary of Current Idiomatic English |c A.P.Cowie | ||
| 260 | |c 1983 | ||
| 650 | |a Oxford Dictionary of Current Idiomatic English, A.P.Cowie | ||
| 852 | |b Đọc |c TỪ ĐIỂN | ||
| OWN | |a LNN | ||
| AVA | |a UDN50 |b LNN |c English |d 423 CO-A |e available |t Error 5001 Not defined in file expand_doc_bib_avail. |f 1 |g 0 |h N |i 0 |j AN |k 1 | ||
| 999 | |a From the UDN01 | ||
| AVA | |a UDN50 |b LNN |c English |d 423 CO-A |e available |t Error 5001 Not defined in file expand_doc_bib_avail. |f 1 |g 0 |h N |i 0 |j AN |k 1 | ||
| 980 | |a Mạng thư viện Đại học Đà Nẵng | ||


